|
|
|
|
| LEADER |
01213nam a22003137a 4500 |
| 001 |
29258 |
| 003 |
BD-DhAAL |
| 005 |
20150809153637.0 |
| 008 |
150809s1983 bg ||||| |||| 00| 0 eng d |
| 040 |
|
|
|a BD-DhAAL
|c BD-DhAAL
|
| 082 |
|
|
|2 22
|a 305.4/2/095492
|
| 999 |
|
|
|c 35174
|d 35174
|
| 999 |
|
|
|c 34994
|
| 999 |
|
|
|c 34994
|
| 999 |
|
|
|c 34994
|
| 999 |
|
|
|c 34994
|
| 999 |
|
|
|c 34994
|
| 999 |
|
|
|c 34988
|
| 240 |
|
|
|a Baseline survey of 1983
|
| 245 |
|
|
|a Trishal baseline survey, Volume I & II
|
| 260 |
|
|
|a Dhaka :
|b Research and Evaluation Division, Bangladesh Rural Advancement Committee,
|c 1983
|
| 300 |
|
|
|a 74 p. :
|c 34 cm.
|
| 541 |
|
|
|e 29258
|
| 650 |
|
|
|a BRAC (Bangladesh Rural Advancement Committee)
|9 7235
|
| 710 |
|
|
|a Bangladesh Rural Advancement Committee,
|b , Research and Evaluation Division,
|9 12971
|
| 852 |
|
|
|a Ayesha Abed Library
|b General Stacks
|
| 942 |
|
|
|2 ddc
|c BK
|
| 952 |
|
|
|0 0
|1 0
|2 ddc
|4 0
|6 305_420954920000000_TRI
|7 0
|9 55145
|a BRACUL
|b BRACUL
|c BRS
|d 2015-08-09
|l 0
|o 305.42095492 TRI
|p 3010029258
|r 2015-08-09
|t 1
|w 2015-08-09
|y BK
|
| 952 |
|
|
|0 0
|1 0
|2 ddc
|4 0
|6 305_420954920000000_TRI
|7 0
|9 55267
|a BRACUL
|b BRACUL
|c BRS
|d 2015-08-16
|l 1
|o 305.42095492 TRI
|p 3010029257
|r 2025-12-30
|s 2025-03-24
|t 2
|w 2015-08-16
|y BK
|